[Event "Bad Pyrmont Pape op-B 2nd"]
[Site "Bad Pyrmont"]
[Date "2023.08.13"]
[Round "6"]
[White "Wiese, Uwe"]
[Black "Kraeft, Tom"]
[Result "0-1"]
[WhiteElo "1772"]
[BlackElo "1640"]
[PlyCount "50"]
[EventDate "2023.08.10"]
[EventType "swiss"]
[EventRounds "7"]
[EventCountry "GER"]
[SourceTitle "EXT 2024"]
[Source "ChessBase"]
[SourceDate "2023.10.10"]
[SourceVersion "1"]
[SourceVersionDate "2023.10.10"]
[SourceQuality "1"]

1. Nf3 d5 2. d4 e6 3. c4 c6 4. e3 Bd6 5. Nc3 f5 6. Bd3 Nf6 7. Qc2 0-0 8. cxd5 cxd5 9. 0-0 Nc6 10. a3 Ne4 11. Be2 g5 12. Nd2 Qc7 13. Ndxe4 Bxh2+ 14. Kh1 dxe4 15. Bb5 Bd6 16. Bxc6 bxc6 17. g3 Ba6 18. Rg1 Rf6 19. Kg2 h5 20. Qd1 h4 21. gxh4 Qh7 22. Rh1 gxh4 23. Ne2 Rg6+ 24. Kh3 Qg7 25. Rg1 Bxe2 0-1

[Event "Verden op-A"]
[Site "Verden"]
[Date "2023.01.08"]
[Round "7"]
[White "Kraeft, Tom"]
[Black "Kieselbach, Jannik"]
[Result "1/2-1/2"]
[WhiteElo "1616"]
[BlackElo "1858"]
[PlyCount "53"]
[EventDate "2023.01.05"]
[EventType "swiss"]
[EventRounds "7"]
[EventCountry "GER"]
[SourceTitle "CBM 212 Extra"]
[Source "ChessBase"]
[SourceDate "2023.03.31"]
[SourceVersion "1"]
[SourceVersionDate "2023.03.31"]
[SourceQuality "1"]

1. Nf3 Nf6 2. c4 e6 3. Nc3 d5 4. e3 Be7 5. b3 0-0 6. Bb2 c5 7. cxd5 exd5 8. d4 Nc6 9. Be2 cxd4 10. Nxd4 Nxd4 11. Qxd4 Qa5 12. 0-0 Be6 13. a3 Ne8 14. b4 Qd8 15. Rfd1 Bf6 16. Qd2 Rc8 17. Bf3 Nc7 18. Nxd5 Nxd5 19. Bxd5 Qxd5 20. Qxd5 Bxd5 21. Bxf6 Bb3 22. Be7 Bxd1 23. Bxf8 Ba4 24. Bc5 a6 25. Kf1 Rd8 26. Bd4 Rc8 27. Bc5 1/2-1/2

[Event "Bremen Silvester op"]
[Site "Bremen"]
[Date "2021.12.27"]
[Round "1"]
[White "Grutter, Tim"]
[Black "Kraeft, Tom"]
[Result "1-0"]
[WhiteElo "2194"]
[BlackElo "1622"]
[PlyCount "81"]
[EventDate "2021.12.21"]
[EventType "swiss"]
[EventRounds "7"]
[EventCountry "GER"]
[SourceTitle "CBM 205 Extra"]
[Source "ChessBase"]
[SourceDate "2022.01.31"]
[SourceVersion "1"]
[SourceVersionDate "2022.01.31"]
[SourceQuality "1"]

1. e4 e5 2. Nf3 Nc6 3. Bb5 a6 4. Ba4 Nf6 5. 0-0 Be7 6. Re1 b5 7. Bb3 0-0 8. a4 Bb7 9. d3 d6 10. c3 Nd7 11. d4 Re8 12. Nbd2 Bf8 13. Nf1 h6 14. Ng3 Ne7 15. Be3 Ng6 16. Qd3 c5 17. axb5 cxd4 18. cxd4 exd4 19. Bxd4 Nc5 20. Bxc5 dxc5 21. Qc4 Qc7 22. bxa6 Bc6 23. Ba4 Re6 24. b4 Bxa4 25. Rxa4 Rb6 26. Rc1 Qc8 27. bxc5 Rbxa6 28. Rxa6 Rxa6 29. c6 Bd6 30. Ne2 Nf4 31. Nfd4 Rb6 32. Nxf4 Bxf4 33. Rd1 Qc7 34. g3 Be5 35. Nf5 Bf6 36. Rc1 h5 37. Ne3 Rb2 38. Nd5 Qc8 39. Nxf6+ gxf6 40. c7 h4 41. Qd4 1-0